书目信息 |
| 题名: |
玻利维亚
|
|
| 作者: | 曾昭耀 编著 | |
| 分册: | ||
| 出版信息: | 北京 社会科学文献出版社 2005 |
|
| 页数: | 434页 | |
| 开本: | 21cm | |
| 丛书名: | 列国志 | |
| 单 册: | ||
| 中图分类: | K779 | |
| 科图分类: | ||
| 主题词: | 玻利维亚--概况 , 南美洲--历史 | |
| 电子资源: | ||
| ISBN: | 7-80190-751-5 | |
| 000 | 01207nam0 2200361 450 | |
| 000 | 01170nam0 2200349 450 | |
| 000 | 01145nam0 2200349 450 | |
| 000 | 01091nam0 2200325 450 | |
| 000 | 01109nam0 2200313 450 | |
| 000 | 01072nam0 2200301 45 | |
| 001 | TS2006039589 | |
| 005 | 20070113084852.89 | |
| 010 | @a7-80190-751-5@dCNY32.00 | |
| 100 | @a20060829d2005 em y0chiy0120 ea | |
| 101 | 0 | @achi |
| 102 | @aCN@b110000 | |
| 105 | @aab z 000yy | |
| 200 | 1 | @a玻利维亚@ABo Li Wei Ya@f曾昭耀编著@FZeng Zhao Yao Bian Zhu |
| 210 | @a北京@c社会科学文献出版社@d2005 | |
| 215 | @a434页@c照片,地图@d21cm | |
| 225 | 2 | @a列国志 |
| 300 | @a中国社会科学院重大课题 国家“十五”重点出版项目 | |
| 330 | @a玻利维亚是南美中部的一个内陆国家。本书介绍了玻利维亚的国土与人民、历史、政治经济、军事、教育科学等方面的状况。 | |
| 410 | 0 | @12001 @a列国志 |
| 510 | 1 | @aBolivia@zeng |
| 606 | @a玻利维亚@x概况 | |
| 606 | 0 | @a南美洲@x历史 |
| 690 | @aK779@v4 | |
| 701 | 0 | @a曾昭耀@AZeng Zhao Yao@f(1937~)@4编著 |
| 801 | 0 | @aCN@b中图数据@c20070113 |
| 905 | @a10447@dK779@e6 | |
| 玻利维亚/曾昭耀编著.-北京:社会科学文献出版社,2005 |
| 434页:照片,地图;21cm.-(列国志) |
| 中国社会科学院重大课题 国家“十五”重点出版项目 |
| ISBN 7-80190-751-5:CNY32.00 |
| 玻利维亚是南美中部的一个内陆国家。本书介绍了玻利维亚的国土与人民、历史、政治经济、军事、教育科学等方面的状况。 |
| ● |
| 相关链接 |
|
|
|
|
正题名:玻利维亚
索取号:K779/6
 
预约/预借
| 序号 | 登录号 | 条形码 | 馆藏地/架位号 | 状态 | 备注 |
| 1 | 0616720 | 206167208 | 第二样本阅览室/ [索取号:K779/6] | 在馆 | |
| 2 | 0616721 | 206167217 | 第二借阅区/ [索取号:K779/6] | 在馆 | |
| 3 | 0616722 | 206167226 | 第二借阅区/ [索取号:K779/6] | 在馆 | |
| 4 | 0616723 | 206167235 | 第二借阅区/ [索取号:K779/6] | 在馆 | |
| 5 | 0616724 | 206167244 | 第二借阅区/ [索取号:K779/6] | 在馆 |